| 000 | 00000nam##2200000za#4500 |
| 001 | 9.632943 |
| 003 | CaOODSP |
| 005 | 20210624215101 |
| 007 | cr ||||||||||| |
| 008 | 150407|2001||||xxc|||||o f|0| 0 fre|d |
| 040 | |aCaOODSP|bfre |
| 043 | |an-cn--- |
| 086 | 1 |aSW21-80/2001F-PDF |
| 110 | 1 |aCanada. |bCondition féminine Canada. |
| 245 | 10|aLes mouvements de femmes et le féminisme d'État : |h[ressource électronique]|bintégrer la diversité à l'élaboration des politiques gouvernementales / |c[par] L. Pauline Rankin et Jill Vickers; adjointe à la recherche : Ann-Marie Field. |
| 260 | |aOttawa - Ontario : |bCondition féminine Canada |c2001. |
| 300 | |a92p. |
| 500 | |a«Le présent document étudie les liens entre les mouvements de femmes et le féminisme d'État afin de découvrir les possibilités d'intégrer la diversité à l'élaboration des politiques gouvernementales, ainsi que les obstacles à cette démarche.»--Résumé. |
| 500 | |aLe n° de catalogue et l'ISBN de l'édition imprimée bilingue ont été incorrectement copiés dans cette édition électronique. |
| 504 | |aBibliographie. |
| 520 | 3 |aLe présent document étudie les liens entre les mouvements de femmes et le féminisme d'État afin de découvrir les possibilités d'intégrer la diversité à l'élaboration des politiques gouvernementales, ainsi que les obstacles à cette démarche.--Résumé |
| 590 | |a06-10-Supp|b2006-12-15 |
| 691 | 07|aMouvement social|2gcpds |
| 691 | 07|aCondition de la femme|2gcpds |
| 691 | 07|aPolitique gouvernementale|2gcpds |
| 691 | 07|aViolence faite aux femmes|2gcpds |
| 720 | 1 |aVickers, Jill |
| 720 | 1 |aRankin, Pauline |
| 775 | 08|tWomen's movements and state feminism : |w(CaOODSP)9.688517 |
| 776 | 0#|tWomen's movements and state feminism : |w(CaOODSP)9.662815 |
| 776 | 0#|tLes mouvements de femmes et le féminisme d'État : |w(CaOODSP)9.662816 |
| 856 | 40|ahttp://publications.gc.ca|qPDF|s665 Ko|uhttps://publications.gc.ca/collections/Collection/SW21-80-2001F.pdf |